[Event "DEM U10 2016"]
[Site "Willingen GER"]
[Date "2016.05.15"]
[Round "2"]
[White "Theile, Cedric"]
[Black "Bakiyev, Diyar"]
[Result "1-0"]
[Termination "normal"]
[Board "24"]
[WhiteElo "1287"]
[BlackElo "1027"]
[PlyCount "151"]
[WhiteFideId "16283228"]
[BlackFideId "16230531"]
[EventCountry "GER"]
[EventRounds "11"]
[EventType "swiss"]
[EventDate "2016.05.14"]

1. Nf3 Nc6 2. c4 e5 3. d3 Bc5 4. a3 d6 5. Bd2 Bg4 6. e3 a6 7. Nc3 Nf6 8. Be2
O-O 9. O-O h6 10. Nd5 Re8 11. Bc3 Nxd5 12. cxd5 Ne7 13. e4 c6 14. dxc6 Nxc6 15.
Qd2 Bxf3 16. Bxf3 Bd4 17. Rac1 Bxc3 18. bxc3 Qb6 19. Qa2 Qa7 20. Bh5 g6 21.
Bxg6 Re6 22. Bf5 Rf6 23. Rb1 Ne7 24. Bg4 Rg6 25. Bh5 Re6 26. Qe2 Ng6 27. Qg4
Kh8 28. Qf5 b5 29. g3 Rg8 30. Kh1 Qe7 31. Bxg6 Rf6 32. Qh3 Rgxg6 33. f4 exf4
34. Rxf4 Qe5 35. d4 Qe6 36. Qxe6 fxe6 37. Rxf6 Rxf6 38. Kg2 Kg7 39. Rf1 Rxf1
40. Kxf1 Kf6 41. Ke2 e5 42. d5 h5 43. h4 Ke7 44. Kd3 Kd7 45. c4 Kc7 46. cxb5
axb5 47. Kc3 Kb7 48. Kb4 Kb6 49. Kc3 Kc5 50. Kd3 b4 51. axb4+ Kxb4 52. Kd2 Kc4
53. Ke3 Kc3 54. Kf3 Kd4 55. g4 hxg4+ 56. Kxg4 Kxe4 57. h5 Kxd5 58. h6 e4 59. h7
e3 60. Kf3 Kd4 61. Ke2 Ke4 62. h8=Q d5 63. Qe8+ Kd4 64. Qxe3+ Kc4 65. Qd3+ Kc5
66. Ke3 Kc6 67. Kf4 Kd6 68. Qd4 Kc6 69. Ke5 Kc7 70. Qxd5 Kb6 71. Qc4 Kb7 72.
Kd6 Kb8 73. Kd7 Kb7 74. Qb5+ Ka8 75. Kc7 Ka7 76. Qb7# 1-0

[Event "DEM U10 2016"]
[Site "Willingen GER"]
[Date "2016.05.15"]
[Round "2"]
[White "Fuhrmann, Bahne"]
[Black "Amato, Cristiano"]
[Result "0-1"]
[Termination "normal"]
[Board "26"]
[WhiteElo "1034"]
[BlackElo "1187"]
[PlyCount "52"]
[WhiteFideId "16244842"]
[BlackFideId "12998460"]
[EventCountry "GER"]
[EventRounds "11"]
[EventType "swiss"]
[EventDate "2016.05.14"]

1. e4 e5 2. Nf3 Nc6 3. d4 exd4 4. Nxd4 Bc5 5. Be3 Bb6 6. Be2 Nge7 7. O-O O-O 8.
c3 Re8 9. Nd2 d5 10. f4 dxe4 11. Nxe4 Nd5 12. Nxc6 Bxe3+ 13. Kh1 bxc6 14. Qd3
Bf5 15. Bf3 Qe7 16. Rae1 Bxe4 17. Bxe4 Qxe4 18. Qxe4 Rxe4 19. b3 Rae8 20. g3 h6
21. c4 Nb4 22. Re2 Bd4 23. Rxe4 Rxe4 24. Rd1 Nxa2 25. Kg2 Nc3 26. Rd3 c5 0-1

[Event "DEM U10 2016"]
[Site "Willingen GER"]
[Date "2016.05.15"]
[Round "2"]
[White "Poschadel, Andreas Gregor"]
[Black "Chassard, Cedric"]
[Result "0-1"]
[Termination "normal"]
[Board "27"]
[WhiteElo "1222"]
[BlackElo "833"]
[PlyCount "92"]
[WhiteFideId "16204948"]
[BlackFideId "16243536"]
[EventCountry "GER"]
[EventRounds "11"]
[EventType "swiss"]
[EventDate "2016.05.14"]

1. e4 e5 2. Nf3 Nc6 3. Bc4 Bc5 4. O-O Nf6 5. d3 d6 6. h3 h6 7. Nc3 O-O 8. Be3
Nd4 9. Na4 Be6 10. Bxe6 fxe6 11. Nxc5 dxc5 12. Nxe5 Qd6 13. Nc4 Qc6 14. c3 Nb5
15. Nd2 Qd7 16. Bxc5 Rfd8 17. d4 b6 18. Ba3 c5 19. e5 Ne8 20. Nf3 cxd4 21. cxd4
Nxd4 22. Nxd4 Qxd4 23. Qxd4 Rxd4 24. Rad1 Rad8 25. Rxd4 Rxd4 26. Rc1 Re4 27.
Bd6 Rd4 28. Bb8 Rd2 29. Bxa7 Rxb2 30. Rc6 Rxa2 31. Bxb6 Kf7 32. Be3 Ra5 33. f4
g5 34. fxg5 hxg5 35. Bxg5 Rxe5 36. Bf4 Rf5 37. Bg3 e5 38. Bf2 e4 39. Be3 Nf6
40. g3 Rf3 41. Bf2 e3 42. Be1 e2 43. Rc2 Rf1+ 44. Kg2 Rxe1 45. Kf2 Rh1 46. Kg2
e1=Q 0-1

[Event "DEM U10 2016"]
[Site "Willingen GER"]
[Date "2016.05.15"]
[Round "2"]
[White "Wellßow, Keoki"]
[Black "Langer, Paul Georg"]
[Result "0-1"]
[Termination "normal"]
[Board "28"]
[WhiteElo "975"]
[BlackElo "1170"]
[PlyCount "74"]
[WhiteFideId "16251075"]
[BlackFideId "16230051"]
[EventCountry "GER"]
[EventRounds "11"]
[EventType "swiss"]
[EventDate "2016.05.14"]

1. c4 Nf6 2. Nc3 b6 3. e4 e5 4. Nf3 Nc6 5. Be2 Bb7 6. d3 Bb4 7. O-O O-O 8. Nd5
Nxd5 9. exd5 Ne7 10. Nxe5 Bd6 11. Nf3 Nf5 12. Be3 Re8 13. Qd2 Qe7 14. Rad1 Nxe3
15. fxe3 Qxe3+ 16. Qxe3 Rxe3 17. Rd2 Rae8 18. Rf2 a6 19. Nd4 g6 20. Rf3 Bc5 21.
Rxe3 Bxd4 22. Rd1 Rxe3 23. Re1 Rxe2+ 24. Kf1 Rxe1+ 25. Kxe1 Bxb2 26. Kf2 c6 27.
d6 c5 28. h4 f5 29. Ke3 Bd4+ 30. Kf4 Bf2 31. g3 Bg2 32. g4 fxg4 33. Kxg4 Kf7
34. h5 Kf6 35. hxg6 Kxg6 36. Kf4 h5 37. Ke5 Bg3# 0-1

[Event "DEM U10 2016"]
[Site "Willingen GER"]
[Date "2016.05.16"]
[Round "3"]
[White "Prieb, Robert"]
[Black "Wagner, Leopold Franziskus"]
[Result "1-0"]
[Termination "normal"]
[Board "1"]
[WhiteElo "1505"]
[BlackElo "1844"]
[WhiteClock "00:05:19"]
[BlackClock "00:24:00"]
[PlyCount "105"]
[WhiteFideId "16212002"]
[BlackFideId "1641581"]
[EventCountry "GER"]
[EventRounds "11"]
[EventType "swiss"]
[EventDate "2016.05.14"]

1. d4 Nf6 2. c4 g6 3. Nc3 d5 4. Bg5 Ne4 5. Bh4 Nxc3 6. bxc3 dxc4 7. Qa4+ Nd7 8.
e4 Bg7 9. Qxc4 Nb6 10. Qb3 O-O 11. Be2 c6 12. Nf3 Bg4 13. h3 Bxf3 14. Bxf3 Qd7
15. O-O e6 16. Rad1 Rac8 17. Rd2 Qc7 18. c4 Nd7 19. Rfd1 Qb6 20. Qxb6 Nxb6 21.
Be2 Bh6 22. Rc2 g5 23. Bg3 Rfd8 24. f3 Rd7 25. Rcd2 Rcd8 26. d5 exd5 27. cxd5
Bf8 28. d6 f6 29. e5 fxe5 30. Bxe5 Bg7 31. f4 gxf4 32. Bxf4 Rf7 33. Bg3 Bh6 34.
Rd3 Bg7 35. Bg4 Kh8 36. d7 Na8 37. Rd6 Bf8 38. R6d3 Bg7 39. Bh4 Bf6 40. Rf3 Kg7
41. Rdf1 Bd4+ 42. Kh1 Rdxd7 43. Bxd7 Rxd7 44. Rg3+ Kh6 45. Bf6 c5 46. Rf4 Bxf6
47. Rxf6+ Kh5 48. Rf5+ Kh6 49. Rg8 Nb6 50. Kh2 c4 51. Rf6+ Kh5 52. g4+ Kh4 53.
Rh6# 1-0

[Event "DEM U10 2016"]
[Site "Willingen GER"]
[Date "2016.05.16"]
[Round "3"]
[White "Tham, Nam"]
[Black "Fuchs, Florian"]
[Result "1-0"]
[Termination "normal"]
[Board "2"]
[WhiteElo "1575"]
[BlackElo "1724"]
[WhiteClock "00:15:37"]
[BlackClock "00:10:30"]
[PlyCount "151"]
[WhiteFideId "12997331"]
[BlackFideId "16213351"]
[EventCountry "GER"]
[EventRounds "11"]
[EventType "swiss"]
[EventDate "2016.05.14"]

1. e4 c5 2. d4 cxd4 3. c3 d3 4. Bxd3 Nc6 5. Nf3 d6 6. Bf4 Nf6 7. h3 e6 8. O-O
Be7 9. Nbd2 Bd7 10. Nb3 Rc8 11. Re1 O-O 12. Rc1 Qb6 13. Be3 Qc7 14. Nbd4 a6 15.
Nxc6 Bxc6 16. Bf4 Rfd8 17. Qe2 b5 18. e5 Ne8 19. Nd4 Qb7 20. Qg4 Bd5 21. a3 Bf8
22. Qh4 g6 23. Bg5 Rd7 24. Be4 dxe5 25. Bxd5 Qxd5 26. Nf3 Bg7 27. Be3 Qc4 28.
Qg3 e4 29. Nd2 Qc6 30. Nb3 Rd5 31. Qg4 f5 32. Qe2 Qc4 33. Nd2 Qxe2 34. Rxe2 Kf7
35. g3 Nd6 36. h4 Nc4 37. Nxc4 Rxc4 38. Kf1 a5 39. Rec2 Rd6 40. Ke2 Rdc6 41.
Kd2 e5 42. Kd1 Rc8 43. Kd2 h6 44. Kd1 Kf6 45. b3 R4c6 46. c4 bxc4 47. bxc4 Rb8
48. c5 g5 49. hxg5+ hxg5 50. Bd2 a4 51. Bb4 f4 52. gxf4 gxf4 53. Ke2 Bh6 54.
Rd1 f3+ 55. Kf1 Rc7 56. Rd6+ Kg5 57. c6 Rh8 58. Bd2+ Kh5 59. Ba5 Rcc8 60. c7
Bf4 61. Rd8 Kg4 62. Rxh8 Rxh8 63. c8=Q+ Rxc8 64. Rxc8 e3 65. Rg8+ Kf5 66. fxe3
Bxe3 67. Rf8+ Ke4 68. Bc7 Bd4 69. Ra8 Kd3 70. Rxa4 e4 71. Bf4 Be3 72. Bg3 Bd4
73. Bf2 Bxf2 74. Kxf2 e3+ 75. Kxf3 e2 76. Re4 1-0

[Event "DEM U10 2016"]
[Site "Willingen GER"]
[Date "2016.05.16"]
[Round "3"]
[White "Lutz, Adam"]
[Black "Gluma, Christian"]
[Result "1-0"]
[Termination "normal"]
[Board "4"]
[WhiteElo "1601"]
[BlackElo "1468"]
[WhiteClock "00:31:40"]
[BlackClock "00:24:31"]
[PlyCount "68"]
[WhiteFideId "16226615"]
[BlackFideId "16223209"]
[EventCountry "GER"]
[EventRounds "11"]
[EventType "swiss"]
[EventDate "2016.05.14"]

1. e4 e5 2. Nf3 Nc6 3. d4 exd4 4. Nxd4 Bc5 5. Nb3 Bb6 6. a4 a6 7. Nc3 Nge7 8.
Bf4 O-O 9. Bc4 Ng6 10. Bg3 d6 11. a5 Ba7 12. O-O Be6 13. Bd5 Qd7 14. Kh1 f5 15.
exf5 Rxf5 16. Bxe6+ Qxe6 17. Re1 Qf7 18. f3 Nge5 19. Bxe5 Nxe5 20. Qd5 Rf8 21.
Qxb7 Qh5 22. g4 Nxg4 23. fxg4 Qxg4 24. Qg2 Qxg2+ 25. Kxg2 Rf2+ 26. Kh1 Rxc2 27.
Re2 Rxe2 28. Nxe2 Rb8 29. Ra3 c5 30. Nc3 c4 31. Nd2 Rxb2 32. Nxc4 Rc2 33. Rb3
Bd4 34. Nxd6 Rxc3 1-0

[Event "DEM U10 2016"]
[Site "Willingen GER"]
[Date "2016.05.16"]
[Round "3"]
[White "Toval, David"]
[Black "Rössel, Gino"]
[Result "0-1"]
[Termination "normal"]
[Board "5"]
[WhiteElo "1516"]
[BlackElo "1682"]
[WhiteClock "00:37:48"]
[BlackClock "00:22:11"]
[PlyCount "84"]
[WhiteFideId "12992755"]
[BlackFideId "16203070"]
[EventCountry "GER"]
[EventRounds "11"]
[EventType "swiss"]
[EventDate "2016.05.14"]

1. e4 e6 2. d4 d5 3. Nd2 c5 4. exd5 exd5 5. c3 Nc6 6. dxc5 Bxc5 7. Nb3 Bb6 8.
Nf3 Nge7 9. Bd3 Bg4 10. O-O O-O 11. Bxh7+ Kh8 12. Bd3 Qd6 13. Bc2 Bc7 14. Nbd4
Nxd4 15. Qxd4 f5 16. Bb3 Kg8 17. Qe5 Qxe5 18. Nxe5 Bxe5 19. Re1 Bf6 20. f3 Bh5
21. h3 g5 22. g4 Bg6 23. h4 f4 24. Bxf4 gxf4 25. g5 Bxg5 26. hxg5 Rf7 27. Re6
Rd8 28. Rae1 Kf8 29. R1e5 d4 30. cxd4 Rxd4 31. Rf6 Rxf6 32. gxf6 Nc6 33. Rg5
Bf7 34. Bxf7 Kxf7 35. Rg7+ Kxf6 36. Rxb7 Ke6 37. Kg2 Rd7 38. Rxd7 Kxd7 39. Kh3
Ke6 40. Kg4 Ke5 41. a3 a5 42. a4 Nd4 0-1

[Event "DEM U10 2016"]
[Site "Willingen GER"]
[Date "2016.05.16"]
[Round "3"]
[White "Schubert, Nikita"]
[Black "Felten, Maximilian"]
[Result "1-0"]
[Termination "normal"]
[Board "6"]
[WhiteElo "1652"]
[BlackElo "1369"]
[WhiteClock "00:06:57"]
[BlackClock "01:00:26"]
[PlyCount "97"]
[WhiteFideId "16212339"]
[BlackFideId "4004949"]
[EventCountry "GER"]
[EventRounds "11"]
[EventType "swiss"]
[EventDate "2016.05.14"]

1. d4 d5 2. c4 c6 3. cxd5 cxd5 4. Nc3 Nc6 5. Nf3 Nf6 6. Bf4 Bf5 7. Qb3 Qd7 8.
e3 a6 9. Ne5 Nxe5 10. dxe5 Ne4 11. Qxd5 Qxd5 12. Nxd5 Rc8 13. f3 Nc5 14. e4 Bg6
15. Be2 Na4 16. b3 Nc3 17. Nxc3 Rxc3 18. Bd2 Rc2 19. Bd3 Rc8 20. Ke2 e6 21.
Rac1 Kd7 22. Rxc8 Kxc8 23. Rc1+ Kb8 24. h3 Ba3 25. Rb1 Rd8 26. b4 Rc8 27. Kd1
a5 28. bxa5 Be7 29. a6 Rc7 30. Rxb7+ Rxb7 31. axb7 Kxb7 32. f4 h6 33. f5 exf5
34. exf5 Bh7 35. Be4+ Kb6 36. Kc2 f6 37. e6 Kc5 38. Kd3 Kb6 39. Kc4 Kc7 40. Kd5
Bg8 41. a4 Kb6 42. a5+ Kb7 43. Bd3 Ka7 44. Kc6 Bh7 45. Kc7 Bc5 46. e7 Bxe7 47.
Be3+ Bc5 48. Bxc5+ Ka8 49. Be4# 1-0

[Event "DEM U10 2016"]
[Site "Willingen GER"]
[Date "2016.05.16"]
[Round "3"]
[White "Eilenberg, Jonas"]
[Black "Hänselmann, Hendrik"]
[Result "1-0"]
[Termination "normal"]
[Board "7"]
[WhiteElo "1494"]
[BlackElo "1000"]
[WhiteClock "00:16:07"]
[BlackClock "00:37:06"]
[PlyCount "87"]
[WhiteFideId "16204271"]
[BlackFideId "16232755"]
[EventCountry "GER"]
[EventRounds "11"]
[EventType "swiss"]
[EventDate "2016.05.14"]

1. d4 d5 2. c4 e6 3. Nc3 Nf6 4. cxd5 exd5 5. Bg5 Nbd7 6. e3 Be7 7. Nf3 O-O 8.
Bd3 h6 9. Bh4 Ne4 10. Nxd5 Bxh4 11. Bxe4 c6 12. Nc3 Bf6 13. O-O c5 14. d5 Re8
15. Bc2 Ne5 16. Nxe5 Bxe5 17. Qd2 Qh4 18. f4 Bf6 19. e4 Bd4+ 20. Kh1 Bg4 21.
Qe1 Qxe1 22. Raxe1 Re7 23. e5 Bxc3 24. bxc3 Rd8 25. d6 Ree8 26. h3 Bd7 27. Rd1
b5 28. Rfe1 a5 29. Be4 b4 30. cxb4 cxb4 31. Bd5 Ba4 32. Rd2 Kf8 33. f5 f6 34.
Be6 g6 35. d7 Re7 36. exf6 Rexd7 37. Bxd7 Bxd7 38. fxg6 Kg8 39. Re7 Rc8 40.
Rdxd7 Rc1+ 41. Kh2 Rc8 42. Rg7+ Kf8 43. Rdf7+ Ke8 44. Rg8# 1-0

[Event "DEM U10 2016"]
[Site "Willingen GER"]
[Date "2016.05.16"]
[Round "3"]
[White "Hagner, Bennet"]
[Black "Phan Trong, Dai"]
[Result "0-1"]
[Termination "normal"]
[Board "8"]
[WhiteElo "1370"]
[BlackElo "1376"]
[WhiteClock "00:42:09"]
[BlackClock "01:05:40"]
[PlyCount "96"]
[WhiteFideId "16224477"]
[BlackFideId "16236939"]
[EventCountry "GER"]
[EventRounds "11"]
[EventType "swiss"]
[EventDate "2016.05.14"]

1. d4 d5 2. c4 e6 3. Nc3 Nf6 4. Bg5 Nbd7 5. Nf3 Be7 6. e3 O-O 7. cxd5 exd5 8.
Bd3 Re8 9. O-O Nf8 10. Qb3 c6 11. Ne5 Ne6 12. f4 Rf8 13. Qc2 h6 14. Bh4 Nd7 15.
Bxe7 Qxe7 16. Rf3 Nxe5 17. dxe5 d4 18. Ne4 dxe3 19. Rg3 Nxf4 20. Rxe3 Qxe5 21.
Rg3 Nh5 22. Re3 f5 23. Rf1 fxe4 24. Rxf8+ Kxf8 25. Rxe4 Qa5 26. b4 Qb6+ 27. Kh1
Nf6 28. Rf4 Qe3 29. Rf3 Qe1+ 30. Rf1 Qxb4 31. Bc4 Qc5 32. Rf4 b5 33. Qg6 bxc4
34. Rxf6+ gxf6 35. Qxf6+ Ke8 36. Qg6+ Kd8 37. Qf6+ Kc7 38. Qxh6 Qd6 39. Qh5 Rb8
40. Qh7+ Bd7 41. h3 Rf8 42. Qb1 Qf6 43. Qb4 Qa1+ 44. Kh2 Qe5+ 45. Kg1 Rg8 46.
Qxc4 Qe1+ 47. Kh2 Qg3+ 48. Kg1 Qxg2# 0-1

[Event "DEM U10 2016"]
[Site "Willingen GER"]
[Date "2016.05.16"]
[Round "3"]
[White "Hommer, Jeremy"]
[Black "Strehse, Nelson"]
[Result "1-0"]
[Termination "normal"]
[Board "9"]
[WhiteElo "1741"]
[BlackElo "1354"]
[WhiteClock "00:03:33"]
[BlackClock "00:14:45"]
[PlyCount "164"]
[WhiteFideId "12992577"]
[BlackFideId "16228898"]
[EventCountry "GER"]
[EventRounds "11"]
[EventType "swiss"]
[EventDate "2016.05.14"]

1. g3 g6 2. Bg2 Bg7 3. c4 c5 4. Nf3 Nf6 5. O-O O-O 6. Nc3 Nc6 7. Ne1 d6 8. Nc2
Bd7 9. Rb1 Rb8 10. a3 b6 11. d3 Ne5 12. Bf4 Nh5 13. Bxe5 Bxe5 14. Qd2 Bg7 15.
b4 Nf6 16. bxc5 dxc5 17. a4 Qc7 18. Nb5 Bxb5 19. axb5 Rbd8 20. Ne3 e5 21. Qc2
Rfe8 22. Rbd1 Qd6 23. Nd5 Nxd5 24. Bxd5 Qc7 25. e4 Kh8 26. Ra1 Re7 27. Ra3 Qd7
28. Rfa1 f5 29. Qa2 f4 30. Kg2 Qg4 31. f3 Qg5 32. g4 Rdd7 33. Qb2 Qf6 34. R1a2
Qf8 35. Qa1 Qb8 36. g5 h6 37. gxh6 Bxh6 38. Kh1 Kh7 39. Qg1 g5 40. Rg2 Rg7 41.
Raa2 Rd6 42. h3 Rdg6 43. Rg4 Rf6 44. Rh2 Rfg6 45. Kg2 Qd8 46. Kf2 Qe7 47. Qh1
Qf6 48. Ke1 Qd6 49. Kd2 Qf6 50. Kc2 Qd6 51. Bc6 Qe6 52. Bd5 Qd6 53. Kd2 Qf6 54.
Ke2 Qd6 55. Kf2 Qf6 56. Ke1 Qd6 57. Kf1 Qf6 58. Kf2 Qd6 59. h4 gxh4 60. Rgxh4
Qf6 61. Rh5 Qd6 62. Ke2 Qf6 63. Kd2 Qd6 64. Ke2 Qf6 65. Kf1 Qd6 66. Rf5 Rg1+
67. Qxg1 Rxg1+ 68. Kxg1 Qg6+ 69. Rg2 Qe8 70. Rg8 Qxg8+ 71. Bxg8+ Kxg8 72. Rxe5
Bg7 73. Re7 Bd4+ 74. Kg2 Kf8 75. Rxa7 Bc3 76. Kh3 Bd2 77. Rb7 Ba5 78. Kg4 Bc3
79. Rxb6 Ke7 80. Kxf4 Bd4 81. Kf5 Kd7 82. e5 Kc7 1-0

[Event "DEM U10 2016"]
[Site "Willingen GER"]
[Date "2016.05.16"]
[Round "3"]
[White "Schlie, Johann"]
[Black "Laux, Dominik"]
[Result "0-1"]
[Termination "normal"]
[Board "10"]
[WhiteElo "1244"]
[BlackElo "1529"]
[PlyCount "64"]
[WhiteFideId "16211596"]
[BlackFideId "12994219"]
[EventCountry "GER"]
[EventRounds "11"]
[EventType "swiss"]
[EventDate "2016.05.14"]

1. e4 d5 2. Nc3 d4 3. Nce2 e5 4. Ng3 Be6 5. Nf3 Bd6 6. Bb5+ c6 7. Ba4 h6 8. d3
Qa5+ 9. c3 dxc3 10. bxc3 Qxc3+ 11. Bd2 Qxd3 12. Bc2 Qa6 13. Bc3 Bc7 14. Qd2 Nd7
15. Bd3 Bc4 16. Bxc4 Qxc4 17. O-O-O Ngf6 18. Rhe1 O-O-O 19. Qb2 Nc5 20. Rxd8+
Rxd8 21. Qe2 Qxc3+ 22. Kb1 Qd3+ 23. Qxd3 Nxd3 24. Re2 Bb6 25. Nh1 Ng4 26. h3
Ngxf2 27. Nxf2 Bxf2 28. Nxe5 Nxe5 29. Rxf2 f6 30. Kc2 Rd4 31. Rd2 Rxd2+ 32.
Kxd2 Kd7 0-1

[Event "DEM U10 2016"]
[Site "Willingen GER"]
[Date "2016.05.16"]
[Round "3"]
[White "Metzdorf, Matteo"]
[Black "May, Ben-Iven"]
[Result "1-0"]
[Termination "normal"]
[Board "11"]
[WhiteElo "1211"]
[BlackElo "1330"]
[PlyCount "45"]
[WhiteFideId "16209869"]
[BlackFideId "16229673"]
[EventCountry "GER"]
[EventRounds "11"]
[EventType "swiss"]
[EventDate "2016.05.14"]

1. e4 c6 2. Nf3 d5 3. Nc3 dxe4 4. Nxe4 Bf5 5. Ng3 Bg6 6. h4 h6 7. Ne5 Bh7 8.
Qh5 g6 9. Bc4 e6 10. Qe2 Qe7 11. d4 Nd7 12. Bf4 O-O-O 13. Nxd7 Qxd7 14. Be5 f6
15. Bxf6 Re8 16. Bxh8 Bd6 17. Be5 Bf8 18. O-O-O h5 19. Kb1 Bh6 20. Ne4 Kd8 21.
Nf6 Nxf6 22. Bxf6+ Kc8 23. Rhe1 1-0

[Event "DEM U10 2016"]
[Site "Willingen GER"]
[Date "2016.05.16"]
[Round "3"]
[White "Farokhi, Keyvan"]
[Black "Sinnhöfer, Joshua"]
[Result "1-0"]
[Termination "normal"]
[Board "12"]
[WhiteElo "1585"]
[BlackElo "1308"]
[PlyCount "81"]
[WhiteFideId "12998630"]
[BlackFideId "16201361"]
[EventCountry "GER"]
[EventRounds "11"]
[EventType "swiss"]
[EventDate "2016.05.14"]

1. e4 e5 2. Nf3 Nc6 3. Bc4 Bc5 4. c3 Nf6 5. d3 a6 6. O-O d6 7. a4 Be6 8. Bxe6
fxe6 9. Qb3 Qc8 10. Na3 Na5 11. Qc2 Ba7 12. b4 Nc6 13. b5 Ne7 14. d4 exd4 15.
cxd4 Ng6 16. bxa6 bxa6 17. Qc6+ Nd7 18. Nc2 Bc5 19. e5 d5 20. dxc5 Ne7 21. Qxe6
Nxc5 22. Qxc8+ Rxc8 23. Ba3 Ne4 24. Bxe7 Kxe7 25. Ncd4 c5 26. Nf5+ Kf7 27. Ng3
Nc3 28. Rfc1 d4 29. Kf1 Rhd8 30. Ne2 Nxe2 31. Kxe2 c4 32. Kd2 Ke6 33. Ng5+ Kf5
34. Nf7 Ke4 35. Nxd8 c3+ 36. Kc2 d3+ 37. Kb3 c2 38. Nf7 Rc5 39. e6 Rd5 40. e7
d2 41. e8=Q+ 1-0

[Event "DEM U10 2016"]
[Site "Willingen GER"]
[Date "2016.05.16"]
[Round "3"]
[White "Bungarten, Jona"]
[Black "Theile, Cedric"]
[Result "1-0"]
[Termination "normal"]
[Board "13"]
[WhiteElo "1466"]
[BlackElo "1287"]
[PlyCount "103"]
[WhiteFideId "16223608"]
[BlackFideId "16283228"]
[EventCountry "GER"]
[EventRounds "11"]
[EventType "swiss"]
[EventDate "2016.05.14"]

1. e4 c5 2. d4 cxd4 3. c3 d3 4. Bxd3 Nc6 5. c4 d6 6. Nf3 Nf6 7. O-O Bg4 8. Nc3
e6 9. Be2 Bxf3 10. Bxf3 a6 11. Qa4 Nd7 12. Be3 Qc7 13. Rfd1 Be7 14. Nb5 Qb8 15.
Nd4 Nc5 16. Qc2 Nxd4 17. Bxd4 e5 18. Be3 Qc8 19. Rd5 a5 20. Bxc5 dxc5 21. Rxe5
O-O 22. Rxe7 Rb8 23. Qa4 Qd8 24. Qd7 Qxd7 25. Rxd7 g6 26. Rad1 Kg7 27. Rc7 Rfc8
28. Rdd7 Rxc7 29. Rxc7 b5 30. Rxc5 bxc4 31. Rxc4 Rxb2 32. Kf1 Rxa2 33. Ke1 a4
34. Kd1 a3 35. Ra4 Rxf2 36. Rxa3 Rb2 37. Re3 Kf6 38. Re2 Rb1+ 39. Kd2 Rb2+ 40.
Ke3 Rb3+ 41. Kf2 Ke5 42. Rd2 Ke6 43. Kg3 f6 44. Kf4 h5 45. Ra2 Rb6 46. Ra7 g5+
47. Kg3 h4+ 48. Kg4 Rb4 49. Kh5 Rb5 50. Kg6 f5 51. exf5+ Rxf5 52. Bg4 1-0

[Event "DEM U10 2016"]
[Site "Willingen GER"]
[Date "2016.05.16"]
[Round "3"]
[White "Neuber, Pascal"]
[Black "Hagenbeck-Hübert, Ben"]
[Result "0-1"]
[Termination "normal"]
[Board "14"]
[WhiteElo "1309"]
[BlackElo "1428"]
[PlyCount "76"]
[WhiteFideId "16227611"]
[BlackFideId "16230779"]
[EventCountry "GER"]
[EventRounds "11"]
[EventType "swiss"]
[EventDate "2016.05.14"]

1. e4 e5 2. Nf3 Nc6 3. d4 exd4 4. Bc4 Nf6 5. O-O Be7 6. e5 Ng4 7. Bf4 h5 8. h3
g5 9. Nh2 gxf4 10. hxg4 hxg4 11. Qxg4 d5 12. Qg7 Rxh2 13. Bxd5 Qxd5 14. Kxh2
Qxe5 15. Qxe5 Nxe5 16. Rd1 c5 17. Re1 Ng4+ 18. Kg1 Kf8 19. f3 Ne3 20. c3 Nc2
21. Nd2 Nxa1 22. Rxa1 dxc3 23. bxc3 Bf5 24. Re1 Rd8 25. Nc4 Be6 26. Ne5 Bf6 27.
Ng6+ Kg7 28. Nxf4 Bxa2 29. Ra1 Bc4 30. Rxa7 Rd1+ 31. Kf2 Rf1+ 32. Ke3 Bxc3 33.
Rxb7 Bd4+ 34. Kd2 Rf2+ 35. Ke1 Be3 36. Nh3 Rxg2 37. Re7 Bd2+ 38. Kd1 Bb3# 0-1

[Event "DEM U10 2016"]
[Site "Willingen GER"]
[Date "2016.05.16"]
[Round "3"]
[White "Werner, Denis"]
[Black "Amrhein, Dennis"]
[Result "1-0"]
[Termination "normal"]
[Board "16"]
[WhiteElo "1397"]
[BlackElo "1132"]
[PlyCount "113"]
[WhiteFideId "16226429"]
[BlackFideId "16254570"]
[EventCountry "GER"]
[EventRounds "11"]
[EventType "swiss"]
[EventDate "2016.05.14"]

1. c4 e6 2. d4 d5 3. Nc3 Nf6 4. cxd5 exd5 5. Bg5 Bb4 6. e3 O-O 7. Bd3 b6 8.
Nge2 c5 9. O-O Bxc3 10. bxc3 Nc6 11. Qc2 h6 12. Bh4 Qd6 13. Bg3 Qe6 14. Nf4 Qd7
15. Rab1 c4 16. Be2 Ne4 17. Bf3 Qf5 18. Nxd5 Nxg3 19. Qxf5 Nxf5 20. Nc7 Rb8 21.
Bxc6 Bb7 22. Bxb7 Rxb7 23. Nd5 Rd8 24. Nf4 g5 25. Ne2 h5 26. Rb5 Ng7 27. Rxg5
f6 28. Rb5 a6 29. Rb4 b5 30. a4 Rdb8 31. Rfb1 Ne6 32. axb5 Rxb5 33. Rxb5 Rxb5
34. Rxb5 axb5 35. Kf1 Kf8 36. Ke1 Ke7 37. Kd2 Kd6 38. Nf4 h4 39. Nxe6 Kxe6 40.
Kc2 Kd5 41. f3 Kc6 42. Kb2 Kb6 43. e4 Ka5 44. e5 fxe5 45. dxe5 h3 46. g3 Ka4
47. e6 b4 48. e7 bxc3+ 49. Kxc3 Ka5 50. e8=Q Kb6 51. Qe5 Kc6 52. Kxc4 Kd7 53.
Qf6 Kc7 54. Kc5 Kd7 55. Qf7+ Kd8 56. Kb6 Kc8 57. Qe8# 1-0

[Event "DEM U10 2016"]
[Site "Willingen GER"]
[Date "2016.05.16"]
[Round "3"]
[White "Huo, Da"]
[Black "Müller, Linus"]
[Result "1-0"]
[Termination "normal"]
[Board "17"]
[WhiteElo "1703"]
[BlackElo "1077"]
[PlyCount "61"]
[WhiteFideId "16221206"]
[BlackFideId "16245946"]
[EventCountry "GER"]
[EventRounds "11"]
[EventType "swiss"]
[EventDate "2016.05.14"]

1. e4 c5 2. Nf3 Nc6 3. d4 cxd4 4. Nxd4 g6 5. c4 Bg7 6. Be3 Nf6 7. Nc3 O-O 8.
Be2 e6 9. Nxc6 bxc6 10. Bd4 d5 11. cxd5 cxd5 12. e5 Nd7 13. f4 Qh4+ 14. g3 Qh3
15. Bf3 Ba6 16. Qd2 f6 17. exf6 Nxf6 18. Bxf6 Bxf6 19. Nxd5 Rad8 20. Nxf6+ Kg7
21. Nd7 Rf7 22. Qc3+ Kg8 23. Ne5 Rb7 24. Bxb7 Bxb7 25. Qc7 Bxh1 26. Qxd8+ Kg7
27. Qe7+ Kh6 28. Nf7+ Kg7 29. Ng5+ Kg8 30. Qf7+ Kh8 31. Qf8# 1-0

[Event "DEM U10 2016"]
[Site "Willingen GER"]
[Date "2016.05.16"]
[Round "3"]
[White "Langer, Paul Georg"]
[Black "Nitsche, Nikolai"]
[Result "0-1"]
[Termination "normal"]
[Board "18"]
[WhiteElo "1170"]
[BlackElo "1371"]
[PlyCount "76"]
[WhiteFideId "16230051"]
[BlackFideId "16221036"]
[EventCountry "GER"]
[EventRounds "11"]
[EventType "swiss"]
[EventDate "2016.05.14"]

1. e4 c5 2. Nf3 Nc6 3. Nc3 e6 4. d4 cxd4 5. Nxd4 Qb6 6. Nb3 a6 7. Be3 Qc7 8. f3
Nf6 9. Qd2 Be7 10. O-O-O O-O 11. g4 Rd8 12. h4 d5 13. exd5 Nxd5 14. Nxd5 Rxd5
15. Bd3 Nb4 16. Kb1 Bd7 17. Qe2 Nxd3 18. cxd3 Bb5 19. Ka1 Rad8 20. Rc1 Qd7 21.
Qf2 Rxd3 22. Bc5 Bc6 23. Rh3 Rd1 24. Bxe7 Rxc1+ 25. Nxc1 Qxe7 26. Kb1 Qb4 27.
h5 Rd2 28. Nd3 Rxf2 29. Nxb4 Rxf3 30. Rh2 Be4+ 31. Kc1 Rg3 32. Re2 Rxg4 33. b3
Rg1+ 34. Kb2 Rg2 35. Rxg2 Bxg2 36. a4 Bf3 37. Nd3 Bxh5 38. Nc5 g5 0-1